=LDR 00000nam 2200000 4500 =001 INLIS000000000017529 =005 20130612112735 =008 ***********************************Ind** =035 ##$$0010-061300000017529 =041 ##$$a Ind =082 ##$$a 618.2 =090 ##$$a 618.2, Roc r =100 ##$$a Rochjati, Puji =245 ##$$a Rujukan berencana dalam sistem rujukan paripurna terpadu kabupaten / kota, Dr. Poedji Rochjati, dr =260 ##$$a 2004 $b Surabaya =300 ##$$a xviii, 138 hlm, ilus, 15 cm =650 ##$$a Anak, melahirkan =850 ##$$a NBPNMAT